| 000 | 05077nam a22005895a 4500 | ||
|---|---|---|---|
| 005 | 20040816151637.0 | ||
| 008 | 080826t xxu||||| |||| 00| 0 eng d | ||
| 010 | _aB-279954-983 | ||
| 020 |
_a8131700267 _c560.00 |
||
| 035 | _aB-279954-983 | ||
| 037 |
_a75/23.6.08 _bUBH |
||
| 040 |
_aDPL _bEnglish |
||
| 082 | _a000 | ||
| 100 | _aKhattar, Dinesh | ||
| 245 |
_aThe Pearson complete guide for AIEEE (All India Engineering Entrance Examination) / _cby Dinesh Khattar, Ravi Dudeja [and] K.K. Arora |
||
| 260 |
_aDelhi _bPearson Education _c2007 |
||
| 300 |
_aVarious pagings _c28 cm (pbk) |
||
| 700 | _aDudeja,Ravi | ||
| 700 | _aArora,K.K. | ||
| 942 |
_2ddc _cEN _h000 _mKHA |
||
| 999 |
_c15112 _d15112 |
||